Rihanna: Complete Discography - Statistics

General Stats
  • This quiz has been taken 96 times
    58 since last reset
  • The average score is 67 of 153
Answer Stats
Album Song % Correct
Good Girl Gone Bad Umbrella
95%
Unapologetic Diamonds
89%
Loud Only Girl (In The World)
89%
Music Of The Sun Pon De Replay
89%
Good Girl Gone Bad (Bonus) Disturbia
86%
Rated R Rude Boy
86%
Loud S&M
86%
Anti Work
86%
Good Girl Gone Bad Breakin' Dishes
80%
Good Girl Gone Bad Shut Up And Drive
80%
A Girl Like Me SOS
80%
Talk That Talk Talk That Talk
80%
Talk That Talk Where Have You Been
80%
Good Girl Gone Bad Don't Stop The Music
77%
Features Love The Way You Lie
77%
Unapologetic Stay
77%
Loud California King Bed
75%
Anti Love On The Brain
75%
Loud Man Down
73%
Talk That Talk We Found Love
73%
Loud What's My Name?
73%
Good Girl Gone Bad (Bonus) Take A Bow
70%
Anti Kiss It Better
68%
Anti Needed Me
68%
A Girl Like Me Unfaithful
68%
Singles Bitch Better Have My Money
66%
Anti Desperado
66%
Singles FourFiveSeconds
66%
Music Of The Sun Music Of The Sun
66%
Unapologetic Pour It Up
66%
Rated R Te Amo
66%
A Girl Like Me A Girl Like Me
64%
Features The Monster
64%
Good Girl Gone Bad Good Girl Gone Bad
61%
Features This Is What You Came For
61%
Talk That Talk Birthday Cake
59%
Loud Cheers (Drink To That)
59%
Unapologetic Jump
59%
Soundtracks Lift Me Up
59%
Rated R Russian Roulette
59%
Anti Woo
59%
Talk That Talk You Da One
59%
Rated R Hard
57%
Music Of The Sun If It's Lovin' That You Want
57%
Anti (Bonus) Sex With Me
57%
Features Take Care
57%
Anti Consideration
55%
Anti James Joint
52%
Unapologetic Numb
52%
Good Girl Gone Bad Rehab
52%
Unapologetic Right Now
52%
Anti Same Ol' Mistakes
52%
Loud Skin
52%
Unapologetic Phresh Out The Runway
50%
Unapologetic What Now
50%
Features Can't Remember To Forget You
48%
Loud Complicated
48%
Talk That Talk Farewell
48%
Good Girl Gone Bad Hate That I Love You
48%
Anti Higher
48%
Features Lemon
48%
Unapologetic Loveeeeeee Song
48%
Features Wild Thoughts
48%
Talk That Talk Cockiness (Love It)
45%
Loud Fading
45%
Features Fly
45%
Anti (Bonus) Goodnight Gotham
45%
Unapologetic Love Without Tragedy / Mother Mary
45%
Anti (Bonus) Pose
45%
Rated R Rockstar 101
45%
Talk That Talk Roc Me Out
45%
Features Too Good
45%
Anti Yeah, I Said It
45%
A Girl Like Me Break It Off
43%
Anti Close To You
43%
Rated R G4L
43%
Unapologetic Lost In Paradise
43%
Unapologetic Nobody's Business
43%
Unapologetic No Love Allowed
43%
Rated R Photographs
43%
Features Run This Town
43%
Rated R The Last Song
43%
Rated R Wait Your Turn
43%
A Girl Like Me We Ride
43%
Rated R Fire Bomb
41%
Unapologetic Get It Over With
41%
Unapologetic (Bonus) Half Of Me
41%
Good Girl Gone Bad (Bonus) If I Never See Your Face Again
41%
Rated R Mad House
41%
Anti Never Ending
41%
Loud Raining Men
41%
Features Who's That Chick?
41%
Features All Of The Lights
39%
Soundtracks Friend Of Mine
39%
Features Live Your Life
39%
Features Princess Of China
39%
Good Girl Gone Bad Push Up On Me
39%
Talk That Talk (Bonus) Red Lipstick
39%
Rated R Stupid In Love
39%
Talk That Talk Watch n' Learn
39%
Talk That Talk We All Want Love
39%
Singles American Oxygen
36%
Talk That Talk (Bonus) Do Ya Thang
36%
Talk That Talk Drunk On Love
36%
Music Of The Sun Let Me
36%
Rated R Cold Case Love
34%
Talk That Talk (Bonus) Fool In Love
34%
Good Girl Gone Bad Sell Me Candy
34%
Good Girl Gone Bad Lemme Get That
32%
Good Girl Gone Bad Question Existing
32%
Features Selfish
32%
Soundtracks Towards The Sun
32%
Good Girl Gone Bad Say It
30%
Singles Sledgehammer
30%
Music Of The Sun You Don't Love Me (No No No)
30%
Features Believe It
27%
Soundtracks Dancing In The Dark
27%
Music Of The Sun Here I Go Again
27%
Good Girl Gone Bad (Bonus) Cry
25%
A Girl Like Me Kisses Don't Lie
25%
A Girl Like Me A Million Miles Away
23%
Music Of The Sun Now I Know
23%
Music Of The Sun The Last Time
23%
Music Of The Sun There's A Thug In My Life
23%
Music Of The Sun Willing To Wait
23%
A Girl Like Me Dem Haters
20%
A Girl Like Me Final Goodbye
20%
Features Nothing Is Promised
20%
A Girl Like Me P.S. (I'm Still Not Over You)
20%
Music Of The Sun Rush
20%
A Girl Like Me Selfish Girl
20%
Music Of The Sun That La, La, La
20%
A Girl Like Me Crazy Little Thing Called Love
18%
Soundtracks Born Again
16%
Soundtracks As Real As You And Me
14%
Rated R (Bonus) Hole In My Head
14%
Features Famous
11%
Good Girl Gone Bad (Bonus) Haunted
11%
Music Of The Sun (Bonus) Hypnotized
11%
Music Of The Sun (Bonus) Should I?
11%
Soundtracks Bad Girl
9%
Duets / Collaborations Livin' A Lie
9%
A Girl Like Me (Bonus) Who Ya Gonna Run To
9%
A Girl Like Me (Bonus) Coulda Been The One
7%
Features First Time
7%
Features Boom Boom
5%
Features The One
5%
Features Counterfeit
2%
Singles It Just Don't Feel Like Xmas (Without You)
2%
Features Roll It
2%
Features Shy Ronnie 2: Ronnie & Clyde
2%
Soundtracks The Hotness
2%
Features Throw Your Hands Up
2%
No matching quizzes found
Score Distribution
Percent of People with Each Score
Percentile by Number Answered
Your Score History
You have not taken this quiz since the last reset